• 首页
  • 本馆介绍
  • 公告通知
  • 最新文献
  • 馆藏检索
  • 电子资源
  • 读者导购
  • 参考咨询
  • 我的图书馆
  • 登录
  • 详细信息显示
  • 放入我的书架
  • 预约/预借图书
  • 作者相关作品
  • 分类相关作品
  • 丛书相关作品
  • 出版社相关作品

书目信息

  • 表格格式
  • 工作单格式
  • 卡片格式
题名:
产业组织理论与应用
    
 
作者: 李长英 编著
分册:  
出版信息: 北京   中国人民大学出版社  2011
页数: 276页
开本: 26cm
丛书名:
单 册:
中图分类: F062.9
科图分类:
主题词: 产业组织--教材 , 产业组织
电子资源:
ISBN: 978-7-300-14254-8
000 00974nlm0 2200265 450
001 523
005 20140908151029.60
010    @a978-7-300-14254-8@dCNY35.00
100    @a20111128d2011 em y0chiy50 ea
101 0  @achi
102    @aCN@b110000
105    @ay z 000yy
106    @ar
200 1  @a产业组织理论与应用@AChan Ye Zu Zhi Li Lun Yu Ying Yong@dIndustrial organization: theory and applications@f李长英编著@FLi Chang Ying Bian Zhu@zeng
210    @a北京@c中国人民大学出版社@d2011
215    @a276页@d26cm
325    @a电子复制品
330    @a本书共分九章,内容包括:垄断行为分析、同异质产品条件下的寡头竞争理论、企业的纵向控制行为、空间竞争、研究与开发、企业的并购行为和技术授权问题等。
510 1  @aIndustrial organization: theory and applications@zeng
606 0  @a产业组织@j教材
606 0  @a产业组织
690    @aF062.9@v5
701  0 @a李长英@ALi Chang Ying@c(经济)@4编著
801  0 @aCN@bTANGWEI@c20140603
905    @b0842195-97@dF062.9@e129@f3
    
    产业组织理论与应用=Industrial organization: theory and applications/李长英编著.-北京:中国人民大学出版社,2011
    276页;26cm
    
    
    ISBN 978-7-300-14254-8:CNY35.00
    本书共分九章,内容包括:垄断行为分析、同异质产品条件下的寡头竞争理论、企业的纵向控制行为、空间竞争、研究与开发、企业的并购行为和技术授权问题等。
●
相关链接 在E读中查询图书 在五车中查询图书 在当当中查询图书 在豆瓣中查询图书


正题名:产业组织理论与应用     索取号:F062.9/129         预约/预借

序号 登录号 条形码 馆藏地/架位号 状态 备注
1 0842195   208421956   第一样本阅览室/ [索取号:F062.9/129] 在馆    
2 0842196   208421965   第一借阅区/ [索取号:F062.9/129] 在馆    
3 0842197   208421974   密集书库-海洋学院/ [索取号:F062.9/129] 在馆    
唐山师范学院图书馆 欢迎您!
大连网信软件有限公司© 版权所有